| 000 | 00669nam a2200193 a 4500 | ||
|---|---|---|---|
| 001 | 45370 | ||
| 005 | 20180714024537.0 | ||
| 008 | 140415s2000 mx 000 0 spa d | ||
| 020 | _a9706135103 | ||
| 041 | _aspa | ||
| 082 |
_a338.9 _bPIA |
||
| 100 | 1 | _aSOLOMON, ROBERT C. | |
| 245 | 1 | 4 | _aTHE INTEGRATION PROCESS BETWEEN EASTERN AND WESTERN AND WESTERN EUROPE |
| 250 | _a1a ed. | ||
| 260 |
_aMEXICO : _bOXFORD UNIVERSITY PRESS MEXICO, _c2000 |
||
| 300 |
_a178 _cx 16 x 24 |
||
| 520 | _aEL AUTOR EXPONE EN ESTE LIBRO EL TEMA DEL ÉXITO EMPRESARIAL COMO RESULTADO DE LA INTEGRIDAD DE LAS PERSONAS QUE LA EJERCEN. | ||
| 650 | 1 | 4 | _aETICA EN LOS NEGOCIOS |
| 999 |
_c45370 _d45370 |
||